| 000 | 01340cam a2200241 4500 | ||
|---|---|---|---|
| 001 | WB3931-32 | ||
| 008 | 030821n2003 000 0 eng u | ||
| 035 | _a(Sirsi) u123344 | ||
| 245 | _aValuation of land and property affected by contamination | ||
| 260 | _c2003 | ||
| 490 |
_aRICS News Service _v21 August 2003 (1) |
||
| 520 | _aThe latest RICS Foundation review "International approaches to the valuation of land and property affected by contamination" * by Paul Syms and Bruce Weber is an authoritative, comprehensive study of the contrasting methods used by valuers in the appraisal of contaminated land and property. This report on a highly topical subject considers the precise meaning of key terminology such as brownfield, summarises existing guidance in the UK, USA and elsewhere and gives a complete overview of research. ISBN 1842191667. £20. http://www.rics.org/ricscms/bin/show?class=News&template=/includes/shownews.html&id=6772&faculty=RICS | ||
| 590 | _aWB | ||
| 650 | _aCONTAMINATED LAND | ||
| 650 | _aCONTAMINATED PROPERTY | ||
| 650 | _aSUSTAINABLE DEVELOPMENTS | ||
| 650 | _aBROWNFIELD SITES | ||
| 650 | _aCLEAN-UP COSTS | ||
| 650 | _aMORTGAGEABILITY | ||
| 690 | _aPROPERTY-PROPERTY APPRAISAL AND VALUATION | ||
| 856 | _uhttps://www.rics.org/RICSWEB/getpage.aspx?p=jy_crJxgNk-xn3x6ikIqeA | ||
| 942 | _n0 | ||
| 999 |
_c73275 _d73275 |
||